Sartre y los prolegomenos a la antropología
Сохранить в:
| Главный автор: | |
|---|---|
| Формат: | |
| Язык: | Undetermined |
| Опубликовано: |
San José, Costa Rica
Universidad de Costa Rica
1968
|
| Предметы: | |
| Метки: |
Добавить метку
Нет меток, Требуется 1-ая метка записи!
|
MARC
| LEADER | 00000nam a2200000Ia 4500 | ||
|---|---|---|---|
| 008 | 170316s9999 xx 000 0 und d | ||
| 090 | |a 100 H-24s | ||
| 100 | |a Herra, Rafael A. | ||
| 245 | |a Sartre y los prolegomenos a la antropología | ||
| 260 | |a San José, Costa Rica | ||
| 260 | |b Universidad de Costa Rica | ||
| 260 | |c 1968 | ||
| 300 | |a 230 páginas | ||
| 650 | |a FILOSOFÍA | ||
| 650 | |a LA PSICOLOGÍA | ||
| 650 | |a LA ANTROPOLOGÍA PURA | ||
| 650 | |a EL PSICOANÁLISIS TEÓRICO | ||
| 650 | |a EL PSICOÁNALISIS DE COSAS | ||
| 650 | |a PATOLOGÍA DE LA IMAGINACIÓN | ||
| 999 | |c 16472 |d 16472 | ||
| 040 | |a cru BVZT | ||
| 942 | |c 15 D |h 100 H-24s |2 z | ||
